[Event "Det åpne NM 2011 Gruppe A"]
[Site "Quality Hotel & Resort Fagerne"]
[Date "2011.04.17"]
[Round "3"]
[White "Grønnestad, Anita"]
[Black "Johansen, Stian"]
[Result "1/2-1/2"]
[WhiteElo "2031"]
[BlackElo "1938"]
[PlyCount "87"]
[EventDate "2011.??.??"]

1. e4 c5 2. d3 d5 3. Nd2 Nc6 4. c3 Nf6 5. Ngf3 g6 6. g3 dxe4 7. dxe4 Bg4 8. Qc2
Bg7 9. h3 Bd7 10. Bg2 Qc8 11. Nc4 O-O 12. Be3 b6 13. Rd1 Be6 14. Ncd2 Rd8 15.
Ng5 Ne5 16. O-O Bd7 17. f4 Nc6 18. e5 Ne8 19. Qb3 e6 20. Nc4 h6 21. Ne4 Qa6 22.
Ned6 Nxd6 23. Rxd6 Rac8 24. Rfd1 Nd4 25. cxd4 Ba4 26. Qa3 Qxc4 27. Rc1 Qe2 28.
dxc5 Rxd6 29. cxd6 Bc2 30. Bf2 Bf8 31. Qe3 Qb5 32. b3 Qd7 33. Qd2 Bf5 34. Rxc8
Qxc8 35. g4 Bb1 36. d7 Qd8 37. Bc6 Be7 38. a4 Qc7 39. Bb5 Be4 40. Be3 Bd5 41.
b4 a6 42. Bxa6 Qxd7 43. Bb5 Qb7 44. Qf2 1/2-1/2

[Event "Det åpne NM 2011 Gruppe A"]
[Site "Quality Hotel & Resort Fagerne"]
[Date "2011.04.17"]
[Round "3"]
[White "Grundekjøn, Christian"]
[Black "Barane, Simon"]
[Result "0-1"]
[WhiteElo "2018"]
[BlackElo "1823"]
[PlyCount "70"]
[EventDate "2011.??.??"]

1. c4 Nf6 2. Nf3 e6 3. b3 d5 4. Bb2 c5 5. g3 b6 6. Bg2 Bb7 7. Ne5 Nbd7 8. O-O
Nxe5 9. Bxe5 Bd6 10. Bb2 Qe7 11. cxd5 Bxd5 12. e4 Nxe4 13. Re1 Qb7 14. Qg4 Ng5
15. Bxd5 Qxd5 16. Re3 h5 17. Qa4+ Kf8 18. Nc3 Nh3+ 19. Kf1 Qf5 20. Ne4 Be7 21.
f3 Ng5 22. Ke2 Nxe4 23. fxe4 Qh3 24. Rf1 Rh6 25. Qd7 Rd8 26. Bxg7+ Kxg7 27.
Qxe7 Qxh2+ 28. Rf2 Rxd2+ 29. Kxd2 Qxf2+ 30. Re2 Qd4+ 31. Kc2 Rg6 32. Qb7 Qe5
33. Qe7 Rxg3 34. Rf2 Qxe4+ 35. Kd2 Qe3+ 0-1

[Event "Det åpne NM 2011 Gruppe A"]
[Site "Quality Hotel & Resort Fagerne"]
[Date "2011.04.17"]
[Round "3"]
[White "Gholami, Armin"]
[Black "Svanholm, Børge W"]
[Result "1-0"]
[WhiteElo "1797"]
[BlackElo "1993"]
[PlyCount "77"]
[EventDate "2011.??.??"]

1. d4 Nf6 2. Nf3 g6 3. Bf4 Bg7 4. e3 d6 5. Bd3 c5 6. O-O Nh5 7. Bg5 O-O 8. c3
h6 9. Bh4 Qc7 10. Nbd2 b6 11. Qe2 e5 12. Be4 Nc6 13. Nc4 exd4 14. cxd4 Re8 15.
Bd5 Bb7 16. dxc5 dxc5 17. Rfd1 b5 18. Nd6 Rf8 19. Qxb5 Rab8 20. Nxb7 Rxb7 21.
Qxc6 Qxc6 22. Bxc6 Rxb2 23. Rab1 Rxa2 24. Be7 Rc8 25. Bd7 Ra8 26. Bc6 Rc8 27.
Bb7 Rb8 28. Bxc5 a5 29. h3 Nf6 30. Nd4 Bf8 31. Ba7 Rd8 32. Bb6 Re8 33. Nb5 Rb8
34. Nc3 Ra3 35. Bd4 Ne8 36. Ne4 Bb4 37. Bc6 f5 38. Bxe8 Rxe8 39. Nf6+ 1-0

[Event "Det åpne NM 2011 Gruppe A"]
[Site "Quality Hotel & Resort Fagerne"]
[Date "2011.04.17"]
[Round "4"]
[White "Miezis, Normunds"]
[Black "Tiviakov, Sergei"]
[Result "1/2-1/2"]
[WhiteElo "2555"]
[BlackElo "2624"]
[PlyCount "22"]
[EventDate "2011.??.??"]

1. c4 e5 2. Nc3 Nf6 3. g3 d5 4. cxd5 Nxd5 5. Bg2 Nb6 6. Nf3 Nc6 7. Rb1 Be6 8.
O-O f6 9. a3 Be7 10. b4 O-O 11. d3 Nd4 1/2-1/2

[Event "Det åpne NM 2011 Gruppe A"]
[Site "Quality Hotel & Resort Fagerne"]
[Date "2011.04.17"]
[Round "4"]
[White "Mirzoev, Azer"]
[Black "Gvein, Kenneth"]
[Result "1/2-1/2"]
[WhiteElo "2571"]
[BlackElo "2169"]
[PlyCount "121"]
[EventDate "2011.??.??"]

1. d4 Nf6 2. Nf3 g6 3. c4 Bg7 4. Nc3 O-O 5. Bg5 d6 6. e3 c6 7. Be2 Nbd7 8. O-O
a6 9. Qc2 b5 10. Rfd1 bxc4 11. Bxc4 c5 12. e4 cxd4 13. Nxd4 Ne5 14. Bf1 Bb7 15.
f3 Qa5 16. Be3 Rfc8 17. Qf2 Nc4 18. Nb3 Qb4 19. Bxc4 Rxc4 20. Bb6 Bc8 21. Na5
Rxc3 22. bxc3 Qa4 23. Qd4 Bd7 24. Qxa4 Bxa4 25. Re1 Rc8 26. Bd4 e5 27. Bf2 d5
28. exd5 Nxd5 29. c4 Nb4 30. Rab1 Nd3 31. Re3 Bc2 32. Rb6 e4 33. Nc6 Bf8 34.
Re2 Ba4 35. Rb8 Rxc6 36. Rxe4 Nxf2 37. Ree8 Kg7 38. Rxf8 Nd1 39. Rg8+ Kf6 40.
Rgc8 Re6 41. h4 Nc3 42. Rb2 h5 43. Rcb8 Ke5 44. R8b7 Kd4 45. Rxf7 Kxc4 46. Rc7+
Kd3 47. Kh2 Rd6 48. Kg3 Ne2+ 49. Kf2 Nc3 50. Kf1 Bb5 51. Kg1 Bc4 52. Kh2 Nxa2
53. Rxc4 Kxc4 54. Rxa2 Kb4 55. Rb2+ Ka3 56. Rb7 a5 57. Kg3 Rf6 58. Kf2 a4 59.
Ke3 Ka2 60. g4 hxg4 61. Ke4 1/2-1/2

[Event "Det åpne NM 2011 Gruppe A"]
[Site "Quality Hotel & Resort Fagerne"]
[Date "2011.04.17"]
[Round "4"]
[White "Johannessen, Leif E"]
[Black "Kovachev, Daniel Jakobsen"]
[Result "1-0"]
[WhiteElo "2514"]
[BlackElo "2307"]
[PlyCount "87"]
[EventDate "2011.??.??"]

1. Nf3 Nf6 2. c4 e6 3. Nc3 d5 4. d4 Be7 5. Qc2 Nbd7 6. Bg5 h6 7. Bh4 O-O 8.
cxd5 exd5 9. e3 Re8 10. Bd3 c6 11. Bg3 Bf8 12. h3 Qe7 13. Nd2 b6 14. O-O Bb7
15. Rab1 g6 16. b4 Bg7 17. Rfe1 Nf8 18. a4 Rac8 19. Qb3 Ne6 20. a5 Ba8 21. axb6
axb6 22. Na4 Nd7 23. Rec1 b5 24. Nc5 Ndxc5 25. bxc5 Bb7 26. Bd6 Qd8 27. Nf3 Nf8
28. Re1 Nd7 29. e4 dxe4 30. Bxe4 Qf6 31. Ne5 Nxe5 32. dxe5 Qe6 33. Qxe6 Rxe6
34. f4 Ra8 35. Rxb5 cxb5 36. Bxb7 Ra3 37. c6 Rc3 38. c7 Re8 39. Rb1 g5 40. fxg5
Bxe5 41. Bxe5 Rxe5 42. c8=Q+ Rxc8 43. Bxc8 hxg5 44. Bd7 1-0

[Event "Det åpne NM 2011 Gruppe A"]
[Site "Quality Hotel & Resort Fagerne"]
[Date "2011.04.17"]
[Round "4"]
[White "Tari, Aryan"]
[Black "Richter, Michael"]
[Result "0-1"]
[WhiteElo "2155"]
[BlackElo "2486"]
[PlyCount "106"]
[EventDate "2011.??.??"]

1. e4 e6 2. d4 d5 3. Nc3 Nf6 4. e5 Nfd7 5. f4 c5 6. Nf3 Nc6 7. Be3 Be7 8. Qd2
O-O 9. dxc5 Bxc5 10. Bxc5 Nxc5 11. Bd3 f6 12. exf6 Qxf6 13. g3 Bd7 14. O-O h6
15. Rae1 Rad8 16. Ne5 Be8 17. Qe2 Nxe5 18. fxe5 Qe7 19. Rxf8+ Qxf8 20. Rf1 Qe7
21. Qf2 Nxd3 22. cxd3 Bg6 23. Qd4 b6 24. Ne2 Qc5 25. Rc1 Qa5 26. Nf4 Qd2 27.
Rc7 Qd1+ 28. Kf2 Rf8 29. Qe3 Bxd3 30. Rc1 Qg4 31. h3 Qf5 32. Ke1 Be4 33. Rc7
Qxe5 34. Rxa7 Qxb2 35. Nxe6 Qb1+ 36. Kd2 Qb2+ 37. Ke1 Qb1+ 38. Kd2 Qb4+ 39. Ke2
Qc4+ 40. Kd2 Qb4+ 41. Ke2 Rf7 42. Rxf7 Kxf7 43. Nd4 Kg8 44. Qd2 Qc4+ 45. Kf2
Qc8 46. h4 Qh3 47. Qc3 Qg2+ 48. Ke1 Qxa2 49. Ne6 Qa5 50. Kd2 Kf7 51. Qxa5 bxa5
52. Nc5 Kf6 53. Ke3 Ke5 0-1

[Event "Det åpne NM 2011 Gruppe A"]
[Site "Quality Hotel & Resort Fagerne"]
[Date "2011.04.17"]
[Round "4"]
[White "Karlsson, Lars"]
[Black "Thingstad, Even"]
[Result "1/2-1/2"]
[WhiteElo "2475"]
[BlackElo "2155"]
[PlyCount "116"]
[EventDate "2011.??.??"]

1. b3 d5 2. Bb2 Nf6 3. e3 g6 4. f4 Bg7 5. Nf3 O-O 6. Be2 c5 7. O-O Nc6 8. Bb5
Qb6 9. Bxc6 Qxc6 10. a4 Bg4 11. d3 Rae8 12. h3 Bxf3 13. Qxf3 Nd7 14. Bxg7 Kxg7
15. Nc3 e6 16. e4 dxe4 17. dxe4 Rd8 18. Rad1 c4 19. b4 Qb6+ 20. Kh1 Qxb4 21.
Rb1 Qc5 22. Rxb7 a6 23. e5 Nb6 24. Ne4 Qc6 25. Nd6 Qxf3 26. Rxf3 Rb8 27. Rc7
Nxa4 28. Ra3 Nb6 29. Rxa6 Nd5 30. Rxc4 Rb4 31. Ra4 Rb2 32. Ra3 h5 33. g3 Rb1+
34. Kg2 Rd1 35. Kf3 Rd2 36. Ne4 Rh2 37. Nf2 Rb8 38. Ra1 Rb2 39. Rh1 Rxh1 40.
Nxh1 Nb4 41. Nf2 Nxc2 42. Nd3 Rb3 43. Ke4 Na3 44. Rb4 Rxb4+ 45. Nxb4 Nc4 46. g4
hxg4 47. hxg4 Kf8 48. Kd4 Nd2 49. Kd3 Nb3 50. Nc6 Nc5+ 51. Kd4 Nb3+ 52. Kc4
Nd2+ 53. Kc3 Ne4+ 54. Kd4 Nf2 55. g5 Nh1 56. Ke3 Ng3 57. Nd4 Ke7 58. Kf3 Nf5
1/2-1/2

[Event "Det åpne NM 2011 Gruppe A"]
[Site "Quality Hotel & Resort Fagerne"]
[Date "2011.04.17"]
[Round "4"]
[White "Kasparov, Sergey"]
[Black "Stenersen, Gudmund"]
[Result "1-0"]
[WhiteElo "2473"]
[BlackElo "2228"]
[PlyCount "101"]
[EventDate "2011.??.??"]

1. e4 e5 2. Nf3 Nc6 3. Bb5 a6 4. Bxc6 dxc6 5. O-O f6 6. d4 exd4 7. Nxd4 c5 8.
Ne2 Be6 9. Bf4 Qd7 10. Qxd7+ Kxd7 11. Rd1+ Kc6 12. Nbc3 Ne7 13. Bg3 Ng6 14. Nd5
Bd6 15. c4 Rhe8 16. f3 Bf7 17. Bxd6 cxd6 18. Ng3 Bxd5 19. cxd5+ Kd7 20. Nf5 Rg8
21. Kf2 Ne7 22. Ne3 b5 23. h4 h5 24. g3 Ng6 25. f4 Nh8 26. Kf3 Nf7 27. Rg1 g5
28. hxg5 fxg5 29. Nf5 Rh8 30. Rh1 Rh7 31. Rh2 Rah8 32. Re1 Rf8 33. Reh1 Rfh8
34. Ke3 Kc7 35. g4 gxf4+ 36. Kxf4 Ne5 37. Rxh5 Rxh5 38. Rxh5 Rg8 39. Rh7+ Kb6
40. Nxd6 Nd3+ 41. Kf5 Nxb2 42. e5 c4 43. e6 c3 44. Rh1 Nd3 45. e7 c2 46. e8=Q
Rxe8 47. Nxe8 c1=Q 48. Rxc1 Nxc1 49. g5 Nxa2 50. g6 Nc3 51. d6 1-0

[Event "Det åpne NM 2011 Gruppe A"]
[Site "Quality Hotel & Resort Fagerne"]
[Date "2011.04.17"]
[Round "4"]
[White "Urkedal, Frode O"]
[Black "Vaarala, Eric"]
[Result "1-0"]
[WhiteElo "2447"]
[BlackElo "2167"]
[PlyCount "75"]
[EventDate "2011.??.??"]

1. d4 d5 2. c4 e6 3. Nf3 Nf6 4. Bg5 c6 5. Nc3 Bb4 6. Rc1 Nbd7 7. a3 Be7 8. e3
O-O 9. Qc2 Re8 10. Bd3 Nf8 11. O-O Ng6 12. e4 c5 13. cxd5 cxd4 14. Nb5 exd5 15.
Bxf6 Bxf6 16. Nc7 Bg4 17. Nxe8 Qxe8 18. e5 Nxe5 19. Nxe5 Qxe5 20. Rfe1 Qd6 21.
Bxh7+ Kh8 22. Bf5 Bxf5 23. Qxf5 g6 24. Qd3 Kg7 25. g3 Qd7 26. h4 Rh8 27. Qf3
Qb5 28. Rc7 Rf8 29. h5 Qa5 30. Rec1 Qd2 31. hxg6 Kxg6 32. Qxd5 Qh6 33. Qe4+ Kg7
34. Qg4+ Qg6 35. Qxg6+ Kxg6 36. Rxb7 Rd8 37. Rxa7 d3 38. Rb7 1-0

[Event "Det åpne NM 2011 Gruppe A"]
[Site "Quality Hotel & Resort Fagerne"]
[Date "2011.04.17"]
[Round "4"]
[White "Bosch, Jeroen"]
[Black "Myhrvold, Rune"]
[Result "0-1"]
[WhiteElo "2424"]
[BlackElo "2164"]
[PlyCount "79"]
[EventDate "2011.??.??"]

1. e4 c6 2. d4 d5 3. e5 c5 4. dxc5 e6 5. Nf3 Nc6 6. Bd3 Bxc5 7. O-O Nge7 8. Bf4
Ng6 9. Bg3 Bd7 10. c4 dxc4 11. Bxc4 O-O 12. Nc3 Rc8 13. Rc1 Nce7 14. Qb3 Nf5
15. Rfd1 Qe7 16. Qxb7 Bc6 17. Qxe7 Bxe7 18. Nb5 Bxf3 19. gxf3 h5 20. h3 Nxg3
21. fxg3 Nxe5 22. Be2 h4 23. Kg2 a5 24. f4 Nc6 25. gxh4 Nb4 26. a3 Nd5 27. Kf3
Bf6 28. b3 Nc3 29. Nxc3 Bxc3 30. Ba6 Rc5 31. Rd7 Rb8 32. Bb7 Bd4 33. Rc4 Rb5
34. Rcxd4 Rxb3+ 35. Ke4 R8xb7 36. Rxb7 Rxb7 37. f5 exf5+ 38. Kxf5 Rb5+ 39. Kg4
Kh7 40. a4 0-1

[Event "Det åpne NM 2011 Gruppe A"]
[Site "Quality Hotel & Resort Fagerne"]
[Date "2011.04.17"]
[Round "4"]
[White "Gullaksen, Eirik"]
[Black "Westerinen, Heikki M.J"]
[Result "1-0"]
[WhiteElo "2351"]
[BlackElo "2358"]
[PlyCount "95"]
[EventDate "2011.??.??"]

1. e4 e6 2. d4 d5 3. Nc3 Bb4 4. Nge2 Nf6 5. e5 Ne4 6. a3 Nxc3 7. Nxc3 Bxc3+ 8.
bxc3 O-O 9. Bd3 f5 10. exf6 Qxf6 11. O-O Nc6 12. Be3 Bd7 13. Qd2 h6 14. f4 Ne7
15. g4 Qh4 16. Qg2 e5 17. f5 e4 18. Be2 Kh8 19. Bf4 Rac8 20. Rab1 Bc6 21. Bg3
Qg5 22. Rf4 Ng6 23. Rf2 Ne7 24. Bf4 Qh4 25. Kh1 Rf7 26. Be5 b6 27. Rf4 Ng8 28.
g5 Qxg5 29. Rg4 Qe7 30. Rg1 Nf6 31. Rg6 Qf8 32. Qg3 Bd7 33. Qf4 Kh7 34. R1g3 c5
35. Ba6 Rd8 36. Rh3 Ba4 37. Rhg3 Nh5 38. Qh4 Nxg3+ 39. hxg3 Bxc2 40. Bxg7 Rxg7
41. Rxh6+ Kg8 42. Rh8+ Kf7 43. Qh5+ Ke7 44. Rxf8 Rxf8 45. Qh6 Rgg8 46. Qe6+ Kd8
47. Qd6+ Ke8 48. Bb5+ 1-0

[Event "Det åpne NM 2011 Gruppe A"]
[Site "Quality Hotel & Resort Fagerne"]
[Date "2011.04.17"]
[Round "4"]
[White "Welling, Gerard"]
[Black "Flermoen, Peter"]
[Result "1-0"]
[WhiteElo "2321"]
[BlackElo "2155"]
[PlyCount "54"]
[EventDate "2011.??.??"]

1. g3 e5 2. Bg2 d5 3. d3 Nf6 4. Nf3 Bd6 5. O-O O-O 6. Nc3 c6 7. e4 h6 8. Nh4
dxe4 9. dxe4 Bb4 10. Bd2 Bg4 11. Qe1 Qd7 12. a3 Rd8 13. Be3 Be7 14. f4 exf4 15.
gxf4 Bh3 16. Qg3 Bxg2 17. Nf5 Qxf5 18. exf5 Bxf1 19. Rxf1 c5 20. Kh1 Nbd7 21.
Rg1 Bf8 22. Qg2 b6 23. Bf2 Re8 24. Bh4 Rad8 25. Qf3 Re7 26. Nd5 Nxd5 27. Qxd5
Nb8 1-0

[Event "Det åpne NM 2011 Gruppe A"]
[Site "Quality Hotel & Resort Fagerne"]
[Date "2011.04.17"]
[Round "4"]
[White "Arvola, Benjamin"]
[Black "Hauge, Lars Oskar"]
[Result "1/2-1/2"]
[WhiteElo "2217"]
[BlackElo "1990"]
[PlyCount "50"]
[EventDate "2011.??.??"]

1. e4 c5 2. Nf3 d6 3. d4 cxd4 4. Nxd4 Nf6 5. Nc3 a6 6. Bg5 e6 7. f4 Nbd7 8. Qf3
Qc7 9. O-O-O b5 10. Bd3 Bb7 11. Rhe1 Qb6 12. Nd5 Qxd4 13. Bxf6 gxf6 14. Bxb5
Qc5 15. Nxf6+ Kd8 16. Bxd7 Be7 17. Qb3 Bxf6 18. Bxe6 fxe6 19. Qxb7 Rc8 20. c3
Rc7 21. Qxa6 Bxc3 22. bxc3 Qxc3+ 23. Kb1 Qc2+ 24. Ka1 Qc3+ 25. Kb1 Qc2+ 1/2-1/2

[Event "Det åpne NM 2011 Gruppe A"]
[Site "Quality Hotel & Resort Fagerne"]
[Date "2011.04.17"]
[Round "4"]
[White "Ofstad, Per"]
[Black "Kjøita, Henning"]
[Result "1/2-1/2"]
[WhiteElo "2194"]
[BlackElo "1843"]
[PlyCount "118"]
[EventDate "2011.??.??"]

1. Nf3 c5 2. c4 Nc6 3. Nc3 g6 4. g3 Bg7 5. Bg2 d6 6. O-O e5 7. d3 Nge7 8. e4
O-O 9. Nh4 f5 10. f4 Bf6 11. Nf3 exf4 12. Bxf4 Be6 13. Ng5 Bc8 14. h4 Ne5 15.
Qd2 N7c6 16. Nd5 Bg7 17. Rae1 Rb8 18. b3 a6 19. Nf3 fxe4 20. dxe4 Nxf3+ 21.
Rxf3 Bg4 22. Rff1 b5 23. Bg5 Qd7 24. Nf6+ Bxf6 25. Bxf6 bxc4 26. bxc4 Ne5 27.
Bxe5 dxe5 28. Qd5+ Be6 29. Qxe5 Qd4+ 30. Qxd4 cxd4 31. Rxf8+ Kxf8 32. Rd1 Bxc4
33. Rxd4 Bxa2 34. Ra4 Bb1 35. Rxa6 Rb4 36. Ra8+ Kf7 37. Ra7+ Kg8 38. Ra8+ Kf7
39. Ra7+ Kg8 40. e5 Be4 41. Bf1 Bd5 42. Kf2 Re4 43. Ra5 Be6 44. Bd3 Rd4 45. Ke3
Rg4 46. Ra8+ Kg7 47. Ra7+ Kg8 48. Kf2 Rd4 49. Ra6 Rxd3 50. Rxe6 Kf7 51. Rf6+
Kg7 52. Rd6 Rxd6 53. exd6 Kf6 54. Ke3 Ke6 55. Kf4 h6 56. h5 gxh5 57. d7 Kxd7
58. Kf5 Ke7 59. Kg6 h4 1/2-1/2

[Event "Det åpne NM 2011 Gruppe A"]
[Site "Quality Hotel & Resort Fagerne"]
[Date "2011.04.17"]
[Round "4"]
[White "Taksrud, Vidar"]
[Black "Bjerke, Richart"]
[Result "1/2-1/2"]
[WhiteElo "2088"]
[BlackElo "2189"]
[PlyCount "86"]
[EventDate "2011.??.??"]

1. e4 e6 2. Nf3 c5 3. c3 d5 4. exd5 exd5 5. Bb5+ Bd7 6. Qe2+ Be7 7. O-O Bxb5 8.
Qxb5+ Qd7 9. Na3 a6 10. Qe2 Nc6 11. Re1 Nf6 12. d3 O-O 13. Bg5 Rfe8 14. Qd2 h6
15. Bh4 Qf5 16. Nc2 Rad8 17. Re2 g5 18. Bg3 Ne4 19. dxe4 dxe4 20. Nfd4 cxd4 21.
Nxd4 Nxd4 22. cxd4 Bf6 23. Rae1 h5 24. Qb4 Bxd4 25. h4 b6 26. Bd6 Qd5 27. Be7
Bc5 28. Bxc5 bxc5 29. Qa4 gxh4 30. Qxa6 h3 31. Re3 Re6 32. Rg3+ Kh7 33. Qe2
hxg2 34. b3 Rg8 35. Rh3 Rg5 36. Rh4 e3 37. fxe3 Re4 38. Qc2 f5 39. Rxe4 fxe4
40. Rd1 Qe5 41. Qf2 Rf5 42. Qh4 Rg5 43. Qf2 Rf5 1/2-1/2

[Event "Det åpne NM 2011 Gruppe A"]
[Site "Quality Hotel & Resort Fagerne"]
[Date "2011.04.17"]
[Round "4"]
[White "Kasparova, Tatiana"]
[Black "Kyrkjebø, Erlend"]
[Result "1-0"]
[WhiteElo "2152"]
[BlackElo "1963"]
[PlyCount "73"]
[EventDate "2011.??.??"]

1. e4 c5 2. Nf3 d6 3. d4 cxd4 4. Nxd4 Nf6 5. f3 g6 6. c4 Bg7 7. Nc3 Nc6 8. Be3
O-O 9. Qd2 Bd7 10. Be2 Ne8 11. O-O Nc7 12. Nb3 Ne6 13. Rfd1 Bc8 14. Nd5 Re8 15.
Bf1 Rb8 16. Qf2 Nc7 17. Rd2 Ra8 18. c5 Nxd5 19. exd5 Na5 20. Bb5 Bd7 21. Nxa5
Bxb5 22. Nxb7 Qc7 23. c6 Ba6 24. Bxa7 Bxb7 25. cxb7 Qxb7 26. Bd4 Bh6 27. Be3
Bg7 28. a3 Reb8 29. Bd4 Bxd4 30. Qxd4 Qb3 31. Re1 Ra4 32. Qe3 Qa2 33. Qxe7 Rxa3
34. Qxd6 Rab3 35. Qf6 Rxb2 36. Rxb2 Qxb2 37. Re8+ 1-0

[Event "Det åpne NM 2011 Gruppe A"]
[Site "Quality Hotel & Resort Fagerne"]
[Date "2011.04.17"]
[Round "4"]
[White "Eriksen, Magnus"]
[Black "Hobber, Anders"]
[Result "1/2-1/2"]
[WhiteElo "2002"]
[BlackElo "2152"]
[PlyCount "55"]
[EventDate "2011.??.??"]

1. e4 c5 2. Nf3 Nc6 3. d4 cxd4 4. Nxd4 g6 5. c4 Bg7 6. Nc2 d6 7. Be2 Nf6 8. Nc3
O-O 9. O-O Nd7 10. Bd2 Nc5 11. b4 Ne6 12. Rc1 Ned4 13. Nxd4 Nxd4 14. Be3 Nxe2+
15. Qxe2 b6 16. Rfd1 Ba6 17. Bd4 Rc8 18. Nd5 Bxd4 19. Rxd4 Bb7 20. e5 Bxd5 21.
Rxd5 Qd7 22. exd6 exd6 23. Qd3 Qa4 24. Qb3 Qc6 25. Qd1 Rfe8 26. Rxd6 Qe4 27.
Rd4 Qe2 28. a4 1/2-1/2

[Event "Det åpne NM 2011 Gruppe A"]
[Site "Quality Hotel & Resort Fagern"]
[Date "2011.04.17"]
[Round "4"]
[White "Bentsen, Hakon"]
[Black "Kjoita, Torgeir"]
[Result "1/2-1/2"]
[WhiteElo "2149"]
[BlackElo "1796"]
[PlyCount "118"]
[EventDate "2011.??.??"]

1. e4 e5 2. Nf3 Nc6 3. Bc4 Bc5 4. c3 Nf6 5. d4 exd4 6. cxd4 Bb4+ 7. Bd2 Bxd2+
8. Nbxd2 d5 9. exd5 Nxd5 10. Qb3 Nce7 11. O-O O-O 12. Rfe1 c6 13. Ne4 Ng6 14.
Qa3 Bg4 15. Ne5 Qh4 16. Nd6 Be6 17. Nxg6 hxg6 18. Nxb7 Qxd4 19. b3 Nf4 20. Bf1
Bd5 21. Qc5 Qf6 22. Qe7 Nh3+ 23. Kh1 Nxf2+ 24. Kg1 Qd4 25. Qe3 Qb4 26. Qxf2
Qxb7 27. Re3 Rae8 28. Rae1 Rxe3 29. Qxe3 Qb6 30. Kf2 Rd8 31. Qxb6 axb6 32. h4
Ra8 33. Re2 b5 34. Rd2 Be4 35. Rb2 f5 36. g3 Kf7 37. Bg2 Bxg2 38. Kxg2 g5 39.
hxg5 Kg6 40. Rc2 Ra6 41. a4 bxa4 42. bxa4 Rxa4 43. Rxc6+ Kxg5 44. Rc3 Kg4 45.
Rb3 Ra2+ 46. Kf1 g5 47. Rc3 Rh2 48. Re3 Rh1+ 49. Kg2 Rh8 50. Rb3 Ra8 51. Rb4+
Kh5 52. Rb2 Ra4 53. Rc2 Kg4 54. Rb2 Ra3 55. Rb4+ f4 56. gxf4 Ra2+ 57. Kf1 gxf4
58. Rb3 f3 59. Rb8 Kg3 1/2-1/2

[Event "Det åpne NM 2011 Gruppe A"]
[Site "Quality Hotel & Resort Fagerne"]
[Date "2011.04.17"]
[Round "4"]
[White "Andersen, Per O"]
[Black "Gyldenås, Ole Jørn"]
[Result "0-1"]
[WhiteElo "2122"]
[BlackElo "2053"]
[PlyCount "90"]
[EventDate "2011.??.??"]

1. d4 Nf6 2. Bf4 d6 3. e3 c6 4. Nd2 g6 5. h3 Bg7 6. Ngf3 O-O 7. Be2 Nbd7 8. O-O
b5 9. c3 Bb7 10. Bh2 Re8 11. Qc2 Qb6 12. Rfe1 Rac8 13. Qb3 e5 14. dxe5 dxe5 15.
Ng5 Nd5 16. Nde4 Qc7 17. Rad1 h6 18. Nf3 f5 19. Ned2 Kh7 20. Qc2 N5f6 21. g4
fxg4 22. Nh4 Nf8 23. hxg4 Qe7 24. Bg3 a6 25. e4 c5 26. Ng2 Rcd8 27. Bf3 c4 28.
b3 cxb3 29. axb3 Kh8 30. b4 N8h7 31. Nh4 Nf8 32. Nb3 N6d7 33. Rd2 Bf6 34. Ng2
Bg5 35. Rd3 Ne6 36. Red1 Nf4 37. Bxf4 exf4 38. Rd6 Ne5 39. R6d3 Rxd3 40. Rxd3
Nxd3 41. Qxd3 Bxe4 42. Bxe4 Qxe4 43. Qd6 f3 44. Nc5 Qxg4 45. Qd4+ Qxd4 0-1

[Event "Det åpne NM 2011 Gruppe A"]
[Site "Quality Hotel & Resort Fagerne"]
[Date "2011.04.17"]
[Round "4"]
[White "Sjøl, Henrik"]
[Black "Webb, Matthew D"]
[Result "0-1"]
[WhiteElo "1848"]
[BlackElo "2062"]
[PlyCount "68"]
[EventDate "2011.??.??"]

1. d4 g6 2. Nf3 Bg7 3. c4 d6 4. Nc3 Nf6 5. g3 O-O 6. Bg2 Nbd7 7. O-O c5 8. b3
a6 9. Bb2 Rb8 10. e3 b5 11. cxb5 axb5 12. dxc5 Nxc5 13. Nd4 b4 14. Nd5 Bb7 15.
Nxf6+ Bxf6 16. Bxb7 Rxb7 17. Nc6 Qd7 18. Bxf6 Qxc6 19. Bb2 Ne6 20. h4 Ra8 21.
Qd2 Rb5 22. Rfc1 Qd5 23. Qe1 Nc5 24. Rd1 Qf3 25. Rd4 Ne4 26. Qf1 Rf5 27. Rxb4
Nxf2 28. Qg2 Qxg2+ 29. Kxg2 Nd3 30. Bc3 Nxb4 31. Bxb4 Rb5 32. Be1 Rxb3 33. a4
Rxe3 34. Kf2 Rb3 0-1

[Event "Det åpne NM 2011 Gruppe A"]
[Site "Quality Hotel & Resort Fagerne"]
[Date "2011.04.17"]
[Round "4"]
[White "Haugsrud, Håkon"]
[Black "Wibe, Per H"]
[Result "1-0"]
[WhiteElo "2050"]
[BlackElo "1824"]
[PlyCount "81"]
[EventDate "2011.??.??"]

1. e4 c5 2. Nf3 d6 3. d4 cxd4 4. Nxd4 Nf6 5. Nc3 a6 6. Bc4 e6 7. Bb3 Be7 8. O-O
O-O 9. a4 b6 10. Qe2 Qc7 11. Be3 Nc6 12. Nxc6 Qxc6 13. f3 Bb7 14. Rfd1 Nd7 15.
Bd4 Rac8 16. Bd5 Qc7 17. Bxb7 Qxb7 18. Qf2 Rfd8 19. Qg3 e5 20. Nd5 Nc5 21. Be3
f6 22. b4 Ne6 23. Bxb6 Rf8 24. Qf2 f5 25. b5 a5 26. exf5 Rxf5 27. Bxa5 Nd4 28.
Ne3 Rf4 29. c3 Bh4 30. Qa2+ Kh8 31. cxd4 e4 32. Nd5 Rf5 33. fxe4 Rf2 34. Rd2
Rcf8 35. g3 R2f3 36. Bc7 Qc8 37. Bxd6 R8f7 38. Nf4 Bxg3 39. Qxf7 Bxf4 40. Bxf4
Qg4+ 41. Rg2 1-0

[Event "Det åpne NM 2011 Gruppe A"]
[Site "Quality Hotel & Resort Fagerne"]
[Date "2011.04.17"]
[Round "4"]
[White "Barane, Simon"]
[Black "Torgersen, Terje"]
[Result "1/2-1/2"]
[WhiteElo "1823"]
[BlackElo "2041"]
[PlyCount "33"]
[EventDate "2011.??.??"]

1. e4 e6 2. d4 d5 3. exd5 Qxd5 4. c4 Qd8 5. Nf3 Nf6 6. Nc3 Be7 7. Be2 O-O 8.
O-O b6 9. b3 Bb7 10. Ne5 Nbd7 11. Bf3 Bxf3 12. Qxf3 Nxe5 13. dxe5 Nd7 14. Qe2
c6 15. f4 Qc7 16. Bb2 Rae8 17. Ne4 1/2-1/2

[Event "Det åpne NM 2011 Gruppe A"]
[Site "Quality Hotel & Resort Fagerne"]
[Date "2011.04.17"]
[Round "4"]
[White "Gholami, Armin"]
[Black "Arndt, Uwe"]
[Result "1/2-1/2"]
[WhiteElo "1797"]
[BlackElo "2021"]
[PlyCount "150"]
[EventDate "2011.??.??"]

1. d4 d5 2. c4 e6 3. Nc3 Nf6 4. Bg5 Be7 5. Nf3 h6 6. Bh4 O-O 7. Qc2 b6 8. cxd5
exd5 9. e3 Bb7 10. Bd3 Nbd7 11. O-O c5 12. Ne5 Nxe5 13. dxe5 Ng4 14. Bg3 Bh4
15. Rad1 Bxg3 16. hxg3 Re8 17. Bf5 Nxe5 18. Be4 Rb8 19. Nxd5 Bxd5 20. Bxd5 Qf6
21. Rd2 Rec8 22. a4 a6 23. Rfd1 b5 24. Ba2 Rb6 25. a5 Rbc6 26. Bd5 R6c7 27. Qe4
Nc6 28. Bxc6 Rxc6 29. b3 g6 30. Rc1 Qe6 31. Qd3 c4 32. bxc4 Rxc4 33. Rxc4 Rxc4
34. Qd6 Rc1+ 35. Kh2 Rc6 36. Qb8+ Rc8 37. Qf4 g5 38. Qd6 Rc6 39. Qxe6 Rxe6 40.
Rd8+ Kg7 41. Rb8 g4 42. Kg1 Kf6 43. Rb7 Rd6 44. Kf1 Ke6 45. Ke2 f5 46. f3 Kd5
47. Rf7 Ke6 48. Rh7 Ke5 49. Rc7 Kd5 50. Rf7 Ke6 51. Rh7 Ke5 52. Rc7 Rf6 53. Kd3
Kd5 54. e4+ fxe4+ 55. fxe4+ Kd6 56. Rg7 Kc5 57. Rxg4 Re6 58. Rh4 Rd6+ 59. Kc2
Kd4 60. Kb3 Rc6 61. Kb4 Rc4+ 62. Kb3 Rc6 63. Kb4 Rg6 64. g4 Rc6 65. Kb3 Ke5 66.
g3 Kd4 67. Kb4 Ke3 68. e5 Kf3 69. g5 hxg5 70. Rd4 Re6 71. Rd6 Rxe5 72. Rxa6
Kxg3 73. Rb6 g4 74. Rxb5 Rxb5+ 75. Kxb5 Kf2 1/2-1/2

[Event "Det åpne NM 2011 Gruppe A"]
[Site "Quality Hotel & Resort Fagerne"]
[Date "2011.04.17"]
[Round "4"]
[White "Lindblom, Roar"]
[Black "Grundekjøn, Christian"]
[Result "1-0"]
[WhiteElo "1974"]
[BlackElo "2018"]
[PlyCount "107"]
[EventDate "2011.??.??"]

1. d4 Nf6 2. c4 c5 3. d5 b5 4. cxb5 a6 5. e3 Bb7 6. Nc3 g6 7. Nf3 Bg7 8. e4 Qa5
9. Bd2 axb5 10. Nxb5 Qb6 11. Qc2 O-O 12. Bc4 Ba6 13. a4 Bxb5 14. Bxb5 Nxe4 15.
Qxe4 Qxb5 16. axb5 Rxa1+ 17. Ke2 Rxh1 18. Bc3 d6 19. Qxe7 Rb1 20. Kd2 Bxc3+ 21.
Kxc3 Rc1+ 22. Kd2 Rf1 23. Qe2 Rb1 24. Kc2 Ra1 25. Qe7 Rf1 26. Qe2 Ra1 27. Qe7
Ra5 28. Ng5 Rxb5 29. Nxh7 Rc8 30. Nf6+ Kg7 31. Ne8+ Rxe8 32. Qxe8 Rb7 33. Qd8
Nd7 34. f4 Nf6 35. Qxd6 Rd7 36. Qxc5 Nxd5 37. Kb1 Nf6 38. Qc3 Rd1+ 39. Ka2 Rd8
40. b4 Kh7 41. Kb3 Ne4 42. Qc7 Rd3+ 43. Kc2 Rd2+ 44. Kc1 Rxg2 45. Qxf7+ Kh6 46.
h3 Nf2 47. Qf8+ Kh7 48. Qe7+ Kh6 49. Qe3 Rh2 50. f5+ Kh7 51. f6 Nxh3 52. Qe7+
Kh6 53. f7 Rf2 54. f8=Q+ 1-0